[Event "International Championship of Central S"]
[Site "Paracin"]
[Date "2014.07.04"]
[Round "1.1"]
[White "Milosevic, Rade"]
[Black "Pavlovic, Slobodan Z"]
[Result "1-0"]
[WhiteElo "2100"]
[BlackElo "1792"]
[Annotator "Natasa"]
[PlyCount "82"]
[EventDate "2014.07.04"]

1. Nf3 Nf6 2. c4 c5 3. d4 e6 4. Nc3 Nc6 5. d5 Nd4 6. Nxd4 cxd4 7. Qxd4 b6 8. d6
g6 9. e4 Bg7 10. e5 Nh5 11. h4 Bb7 12. Be3 O-O 13. O-O-O f6 14. f3 Ng3 15. Rh3
Nf5 16. Qd2 Nxe3 17. Qxe3 fxe5 18. Bd3 a6 19. Kb1 b5 20. c5 Qa5 21. Be4 Rab8
22. Bxb7 Rxb7 23. Ne4 b4 24. h5 b3 25. a3 Rf4 26. hxg6 h6 27. g3 Rb8 28. gxf4
exf4 29. Qxf4 Rf8 30. Qd2 Qb5 31. Qd3 Qb7 32. Qc4 a5 33. c6 Qc8 34. Rc1 Qe8 35.
Rg3 dxc6 36. Qxc6 Qd8 37. d7 Qe7 38. Qd6 Qh4 39. Qxe6+ Kh8 40. Qa6 a4 41. Qxa4
Qe7 {unreadable} 1-0

[Event "International Championship of Central S"]
[Site "Paracin"]
[Date "2014.07.04"]
[Round "1.3"]
[White "Petrovic, Marija"]
[Black "Velikic, Vule"]
[Result "1-0"]
[WhiteElo "2087"]
[BlackElo "1784"]
[PlyCount "111"]
[EventDate "2014.07.04"]

1. Nf3 Nf6 2. g3 d5 3. Bg2 Bg4 4. d4 Nbd7 5. O-O e6 6. c3 Be7 7. Nbd2 O-O 8.
Re1 c6 9. e4 dxe4 10. Nxe4 Nxe4 11. Rxe4 Nf6 12. Re1 Re8 13. Qb3 Bxf3 14. Bxf3
Qb6 15. Qxb6 axb6 16. c4 Bd6 17. Be3 Bc7 18. a3 e5 19. Rad1 e4 20. Bg2 Ng4 21.
Bc1 f5 22. f3 Nf6 23. Kf2 exf3 24. Bxf3 Ne4+ 25. Bxe4 fxe4 26. Ke3 Ra4 27. b3
Ra5 28. Bb2 Rh5 29. Re2 Rf5 30. Rde1 Rf3+ 31. Kd2 Rxb3 32. Kc2 Rf3 33. Rxe4
Rf2+ 34. Kb3 Rxe4 35. Rxe4 Kf7 36. Rh4 h6 37. Bc3 Bd8 38. Rh3 Kg6 39. g4 Bc7
40. d5 Bxh2 41. Re3 Rf7 42. dxc6 bxc6 43. Re6+ Kg5 44. Rxc6 Bg1 45. a4 Ra7 46.
Bd2+ Kh4 47. Re6 Bd4 48. Re4 Bf2 49. g5+ Kh5 50. gxh6 g5 51. Re5 Bh4 52. Be3
Rb7 53. Re6 Rd7 54. Bxb6 g4 55. a5 Bd8 56. h7 1-0

[Event "International Championship of Central S"]
[Site "Paracin"]
[Date "2014.07.04"]
[Round "1.4"]
[White "Kostic, Marko"]
[Black "Djordjevic, Danilo"]
[Result "1/2-1/2"]
[WhiteElo "1779"]
[BlackElo "2080"]
[Annotator "Natasa"]
[PlyCount "58"]
[EventDate "2014.07.04"]

1. d4 Nf6 2. Bf4 e6 3. e3 d5 4. Nf3 Bd6 5. Bxd6 Qxd6 6. Nbd2 Nbd7 7. Be2 O-O 8.
O-O e5 9. dxe5 Nxe5 10. Nxe5 Qxe5 11. c3 c6 12. Nb3 Re8 13. Qd4 Qc7 14. Bf3 Ne4
15. g3 Bh3 16. Rfd1 Ng5 17. Bg2 Bxg2 18. Kxg2 Re4 19. Qd3 Qd7 20. Nd2 Rae8 21.
Kh1 R4e7 22. Qf1 Qf5 23. h4 Ne6 24. Qg2 Nc5 25. Nf3 Ne4 26. Kg1 a6 27. Nd4 Qd7
28. a4 g6 29. a5 c5 {unreadable} 1/2-1/2

[Event "International Championship of Central S"]
[Site "Paracin"]
[Date "2014.07.04"]
[Round "1.6"]
[White "Simic, Petar S"]
[Black "Madic, Zivko"]
[Result "1-0"]
[WhiteElo "1770"]
[BlackElo "2073"]
[PlyCount "71"]
[EventDate "2014.07.04"]

1. d4 Nf6 2. c4 g6 3. Nc3 Bg7 4. e4 d6 5. Nf3 O-O 6. h3 e5 7. d5 a5 8. Be3 Nh5
9. g4 Nf4 10. Qd2 g5 11. c5 f6 12. cxd6 cxd6 13. Bxf4 gxf4 14. Nh4 Rf7 15. Bd3
Na6 16. Bxa6 Rxa6 17. Nf5 Bd7 18. a4 Qb6 19. Ra3 Qb4 20. O-O Bf8 21. Qc2 Rb6
22. Rb1 h5 23. Na2 Bxf5 24. Nxb4 axb4 25. Rb3 Bd7 26. a5 Rb5 27. Qe2 hxg4 28.
hxg4 Be7 29. f3 Bd8 30. Ra1 Rh7 31. a6 Bb6+ 32. Kg2 bxa6 33. Rxa6 Bc5 34. Ra8+
Kf7 35. Rd8 Ke7 36. Rxd7+ 1-0

[Event "International Championship of Central S"]
[Site "Paracin"]
[Date "2014.07.04"]
[Round "1.7"]
[White "Rasic, Jovan"]
[Black "Petrovic, Petar R"]
[Result "1-0"]
[WhiteElo "2072"]
[BlackElo "1763"]
[Annotator "Natasa"]
[PlyCount "56"]
[EventDate "2014.07.04"]

1. d4 d6 2. e4 c6 3. f4 Nd7 4. Nf3 Ngf6 5. Nc3 g6 6. e5 dxe5 7. dxe5 Nh5 8. e6
fxe6 9. Ng5 Qb6 10. Nxe6 Ndf6 11. Bc4 Bh6 12. Qe2 Bxe6 13. Qxe6 Rf8 14. g3 Rd8
15. a4 Qb4 16. O-O Ng7 17. Qe2 Nf5 18. Bd3 Nd4 19. Qg2 Qc5 20. Kh1 Nf5 21. Ne4
Nxe4 22. Qxe4 Bg7 23. Rb1 Nd6 24. Qg2 e5 25. Re1 Rd7 26. fxe5 Re7 27. b4 Rxe5
28. Bb2 Qb6 1-0

[Event "International Championship of Central S"]
[Site "Paracin"]
[Date "2014.07.04"]
[Round "1.8"]
[White "Krstic, Andrija Marko"]
[Black "Marjanovics, Gyorgy"]
[Result "0-1"]
[WhiteElo "1758"]
[BlackElo "2070"]
[Annotator "Natasa"]
[PlyCount "64"]
[EventDate "2014.07.04"]

1. e4 g6 2. d4 Bg7 3. Nc3 c5 4. Nf3 Nc6 5. Be3 Qa5 6. Qd2 Qb4 7. a3 Qxb2 8. Rb1
Qxa3 9. Bc4 cxd4 10. Nxd4 Qa5 11. O-O Nf6 12. Rb5 Qd8 13. h3 O-O 14. e5 Ne8 15.
f4 d6 16. e6 f5 17. Nf3 Nc7 18. Rbb1 h6 19. Nd4 Kh7 20. Ncb5 a6 21. Nxc7 Qxc7
22. Nxc6 bxc6 23. Bb6 Qb8 24. Bd8 Bb7 25. Bxe7 Qa7+ 26. Kh1 d5 27. Bxf8 Bxf8
28. Bd3 c5 29. Qa5 Bc8 30. Rb6 Be7 31. Rfb1 c4 32. Be2 Bd8 {unreadable} 0-1

[Event "International Championship of Central S"]
[Site "Paracin"]
[Date "2014.07.04"]
[Round "1.9"]
[White "Floricelovic, Milos"]
[Black "Lukic, Lazar"]
[Result "1/2-1/2"]
[WhiteElo "2067"]
[BlackElo "1757"]
[PlyCount "92"]
[EventDate "2014.07.04"]

1. e4 e5 2. Nf3 Nc6 3. Bb5 a6 4. Ba4 Nf6 5. O-O Be7 6. Re1 b5 7. Bb3 d6 8. c3
Na5 9. Bc2 O-O 10. d4 Bg4 11. dxe5 Bxf3 12. Qxf3 dxe5 13. Nd2 Qd7 14. h3 c6 15.
Nf1 Nc4 16. Rd1 Qc7 17. Ng3 Nd6 18. a4 Rfd8 19. b3 Nfe8 20. Bb2 g6 21. c4 Bf6
22. c5 Nb7 23. b4 Bg7 24. Bb3 Rxd1+ 25. Qxd1 a5 26. axb5 cxb5 27. Bd5 Rb8 28.
Bxb7 Rxb7 29. Rxa5 Bf8 30. Qd5 Bg7 31. Ra8 Kf8 32. f4 exf4 33. Bxg7+ Kxg7 34.
Nf5+ gxf5 35. Rxe8 Qd7 36. c6 Qxe8 37. cxb7 Qb8 38. Qd4+ Kg8 39. exf5 Qxb7 40.
Qxf4 Qb6+ 41. Kh2 Qf6 42. Qb8+ Kg7 43. Qxb5 Qd8 44. Kg1 Qd4+ 45. Kf1 Qf4+ 46.
Ke2 Qe4+ 1/2-1/2

[Event "International Championship of Central S"]
[Site "Paracin"]
[Date "2014.07.04"]
[Round "1.10"]
[White "Jovanovic, Ivan M"]
[Black "Dimitrijevic, Dusan"]
[Result "0-1"]
[WhiteElo "1757"]
[BlackElo "2067"]
[PlyCount "92"]
[EventDate "2014.07.04"]

1. d4 Nf6 2. Nf3 c5 3. g3 b6 4. Bg2 Bb7 5. O-O e6 6. b3 Be7 7. Bb2 O-O 8. Nbd2
d6 9. Re1 Ne4 10. Nxe4 Bxe4 11. c4 Nc6 12. a3 Bf6 13. e3 a5 14. Qd2 Qe7 15. Bc3
d5 16. Qb2 Rfb8 17. Rac1 a4 18. Nd2 Bxg2 19. Kxg2 axb3 20. cxd5 exd5 21. Qxb3
c4 22. Qb5 Qd6 23. Bb4 Nxb4 24. axb4 Ra2 25. Nb1 Rb2 26. Nc3 Rxb4 27. Qxd5 Be7
28. e4 Rd8 29. Qxd6 Bxd6 30. e5 Bf8 31. d5 f6 32. e6 Be7 33. Rcd1 Kf8 34. Ra1
Rb3 35. Re3 b5 36. Ra7 b4 37. Nd1 c3 38. Re2 Rxd5 39. Ne3 Rd8 40. Nf5 Re8 41.
Re4 c2 42. Rc4 Rc3 43. Rxc3 bxc3 44. Ra1 Ba3 45. e7+ Rxe7 46. Nxe7 Kxe7 0-1

[Event "International Championship of Central S"]
[Site "Paracin"]
[Date "2014.07.04"]
[Round "1.11"]
[White "Djuretanovic, Ivan"]
[Black "Pantic, Slobodan"]
[Result "1-0"]
[WhiteElo "2064"]
[BlackElo "1754"]
[Annotator "Natasa"]
[PlyCount "37"]
[EventDate "2014.07.04"]

1. e4 e5 2. Nf3 Nf6 3. Nc3 Nc6 4. d4 exd4 5. Nxd4 Bb4 6. Nxc6 bxc6 7. Bd3 d5 8.
e5 Qe7 9. O-O Nd7 10. f4 Bxc3 11. bxc3 Qc5+ 12. Kh1 Qxc3 13. Bd2 Qd4 14. Qe1
Nc5 15. f5 Nxd3 16. cxd3 O-O 17. Rc1 Re8 18. Qg3 Qxe5 19. Rce1 1-0

[Event "International Championship of Central S"]
[Site "Paracin"]
[Date "2014.07.04"]
[Round "1.12"]
[White "Mijajlovic, Milutin"]
[Black "Isak, Igor G"]
[Result "1/2-1/2"]
[WhiteElo "1750"]
[BlackElo "2062"]
[PlyCount "94"]
[EventDate "2014.07.04"]

1. d4 Nf6 2. Nf3 e6 3. Nc3 d5 4. Bg5 Bb4 5. e3 Nbd7 6. Bd3 c5 7. dxc5 Nxc5 8.
O-O Nxd3 9. cxd3 O-O 10. Rc1 a6 11. a3 Be7 12. Ne5 h6 13. Bh4 d4 14. exd4 Qxd4
15. Nf3 Qg4 16. h3 Qh5 17. Bg3 b5 18. Ne4 Bb7 19. Re1 Rac8 20. Qe2 Rfd8 21. b4
Rxc1 22. Rxc1 Qd5 23. Nxf6+ Bxf6 24. Ne1 Rc8 25. Rxc8+ Bxc8 26. Qc2 Bb7 27. Kh2
Be5 28. Nf3 Bxg3+ 29. fxg3 Qf5 30. Qe2 Bd5 31. Qe3 Qf6 32. Qe5 Qxe5 33. Nxe5
Kf8 34. Kg1 f6 35. Nf3 Ke7 36. Kf2 Kd6 37. Ke3 Bxf3 38. gxf3 Kd5 39. h4 g6 40.
g4 h5 41. gxh5 gxh5 42. f4 e5 43. f5 Kd6 44. Ke4 Kc6 45. d4 exd4 46. Kxd4 Kd6
47. Ke4 Kc6 1/2-1/2

[Event "International Championship of Central S"]
[Site "Paracin"]
[Date "2014.07.04"]
[Round "1.13"]
[White "Arandjelovic, Aleksandar Z"]
[Black "Tuovic, Milos"]
[Result "1-0"]
[WhiteElo "2060"]
[BlackElo "1750"]
[PlyCount "69"]
[EventDate "2014.07.04"]

1. d4 d5 2. c4 e6 3. Nc3 Bb4 4. Nf3 Nf6 5. cxd5 Qxd5 6. e3 c5 7. Bb5+ Bd7 8.
Bd3 cxd4 9. exd4 Bc6 10. O-O Bxc3 11. bxc3 Qh5 12. Ne5 Qxd1 13. Rxd1 Ba4 14.
Re1 O-O 15. Rb1 b6 16. g4 h6 17. h4 Nc6 18. g5 hxg5 19. hxg5 Nxe5 20. Rxe5 Nd7
21. Re3 g6 22. c4 Bc6 23. Ba3 Rfe8 24. Rbe1 Bb7 25. d5 e5 26. f4 Nc5 27. Bxc5
bxc5 28. fxe5 Bc8 29. e6 Kg7 30. Rf1 fxe6 31. Rf6 e5 32. Rxg6+ Kf7 33. Rf3+ Ke7
34. Rff6 Rf8 35. Rg7+ 1-0

[Event "International Championship of Central S"]
[Site "Paracin"]
[Date "2014.07.04"]
[Round "1.14"]
[White "Maksimovic, Bojan"]
[Black "Tomic, Slobodan"]
[Result "1/2-1/2"]
[WhiteElo "1745"]
[BlackElo "2060"]
[PlyCount "80"]
[EventDate "2014.07.04"]

1. e4 e5 2. Nf3 Nc6 3. Bb5 Nge7 4. c3 g6 5. d4 Bg7 6. d5 Nb8 7. Be3 a6 8. Ba4
b5 9. Bb3 d6 10. a4 bxa4 11. Bxa4+ Nd7 12. Nbd2 O-O 13. Nc4 Nb6 14. Nxb6 cxb6
15. Bc2 Bd7 16. O-O Qc7 17. Bd3 a5 18. Qb3 Rfb8 19. Bb5 h6 20. Qa4 Bxb5 21.
Qxb5 f5 22. exf5 gxf5 23. g3 Qb7 24. Rfd1 Qc8 25. Ra4 f4 26. Bc1 Qh3 27. Qf1
Qh5 28. Qg2 fxg3 29. Qxg3 Nf5 30. Qg4 Qxg4+ 31. Rxg4 Kh7 32. Nd2 b5 33. Kh1 Bf6
34. Ne4 Be7 35. f4 exf4 36. Rxf4 Rf8 37. Rdf1 Kg6 38. Rg1+ Kh7 39. Rgf1 Kg6 40.
Rg1+ Kh7 1/2-1/2

[Event "International Championship of Central S"]
[Site "Paracin"]
[Date "2014.07.04"]
[Round "1.15"]
[White "Milutinovic, Stefana"]
[Black "Zlatanovic, Jovana"]
[Result "0-1"]
[WhiteElo "2055"]
[BlackElo "1741"]
[PlyCount "38"]
[EventDate "2014.07.04"]

1. Nf3 Nf6 2. c4 g6 3. Nc3 d5 4. cxd5 Nxd5 5. e3 Bg7 6. a3 Nxc3 7. bxc3 O-O 8.
Be2 c5 9. O-O Bf5 10. Qb3 b6 11. d4 cxd4 12. cxd4 Nc6 13. Bd2 Be4 14. Bc3 e6
15. Qb2 Ne7 16. Nd2 Bb7 17. Bb4 Re8 18. Bb5 Qd5 19. e4 Qxb5 0-1

[Event "International Championship of Central S"]
[Site "Paracin"]
[Date "2014.07.04"]
[Round "1.16"]
[White "Ivanov, Igor"]
[Black "Thomassen, Thomas"]
[Result "0-1"]
[WhiteElo "1738"]
[BlackElo "2050"]
[PlyCount "74"]
[EventDate "2014.07.04"]

1. c4 c5 2. Nf3 Nc6 3. g3 g6 4. Bg2 Bg7 5. O-O e5 6. Nc3 Nge7 7. d3 d6 8. Bg5
O-O 9. Nd5 f6 10. Nxe7+ Nxe7 11. Bd2 Be6 12. Bc3 d5 13. b3 d4 14. Bd2 Qd7 15.
b4 b6 16. bxc5 bxc5 17. Rb1 Rab8 18. Qc2 Qc7 19. Rxb8 Rxb8 20. Rb1 Bd7 21. Ne1
Rxb1 22. Qxb1 Qb6 23. Qb3 Bf8 24. Nc2 Kf7 25. Na3 Nc6 26. Bd5+ Ke8 27. Qxb6
axb6 28. Bxc6 Bxc6 29. Kf1 Kd7 30. Ke1 e4 31. dxe4 Bxe4 32. e3 g5 33. f4 g4 34.
Bc1 f5 35. Kd2 Bg7 36. Nc2 Kc6 37. Na3 dxe3+ 0-1

[Event "International Championship of Central S"]
[Site "Paracin"]
[Date "2014.07.04"]
[Round "1.17"]
[White "Ljangov, Petar"]
[Black "Djordjevic, Lazar"]
[Result "1-0"]
[WhiteElo "2046"]
[BlackElo "1737"]
[PlyCount "55"]
[EventDate "2014.07.04"]

1. e4 c5 2. Nf3 e6 3. a3 Nc6 4. Nc3 a6 5. d4 cxd4 6. Nxd4 Qc7 7. Be3 Nf6 8. Bd3
d6 9. O-O Be7 10. Kh1 O-O 11. f4 Nxd4 12. Bxd4 e5 13. Be3 b5 14. Qf3 exf4 15.
Qxf4 Be6 16. Bd4 Qd7 17. Rae1 Rab8 18. e5 Nh5 19. Qf3 Bg4 20. e6 Bxf3 21. exd7
Bh4 22. gxf3 Bxe1 23. Rxe1 Nf4 24. Bf5 g6 25. Be4 b4 26. axb4 Rxb4 27. Bf6 Ne6
28. Nd5 1-0

[Event "International Championship of Central S"]
[Site "Paracin"]
[Date "2014.07.04"]
[Round "1.18"]
[White "Tomic, Milanka"]
[Black "Kostic, Tomislav"]
[Result "1/2-1/2"]
[WhiteElo "1726"]
[BlackElo "2023"]
[PlyCount "112"]
[EventDate "2014.07.04"]

1. d4 Nf6 2. c4 e6 3. Nc3 Bb4 4. Bd2 O-O 5. Nf3 b6 6. e3 Bb7 7. Bd3 Bxc3 8.
Bxc3 Ne4 9. Rc1 d6 10. O-O Nd7 11. Qe2 f5 12. Rfd1 Qe7 13. Bb1 Rf6 14. d5 Nxc3
15. Rxc3 e5 16. a3 Rf7 17. e4 f4 18. Nd2 Raf8 19. Qh5 Nf6 20. Qh4 Nxd5 21. Qxe7
Nxe7 22. b4 Nc6 23. Nf3 a5 24. c5 axb4 25. axb4 Rf6 26. Ba2+ Kh8 27. Bd5 dxc5
28. bxc5 Nd4 29. Nxd4 exd4 30. Rxd4 Rd8 31. Rdd3 Ba6 32. Bc4 Rxd3 33. Bxd3 bxc5
34. Bxa6 Rxa6 35. Kf1 Rc6 36. Ke2 c4 37. Kf3 g5 38. Kg4 Rc5 39. h4 h6 40. hxg5
hxg5 41. e5 Rxe5 42. Rxc4 c5 43. g3 fxg3 44. Kxg3 Kg7 45. f4 gxf4+ 46. Kxf4 Kf6
47. Rc3 Ke6 48. Re3 Rxe3 49. Kxe3 Kd5 50. Kd3 c4+ 51. Kc3 Kc5 52. Kc2 Kb4 53.
Kb2 c3+ 54. Kc2 Kc4 55. Kc1 Kd4 56. Kc2 Kc4 1/2-1/2

[Event "International Championship of Central S"]
[Site "Paracin"]
[Date "2014.07.04"]
[Round "1.20"]
[White "Rasic, Milovan"]
[Black "Majstorovic, Dusan"]
[Result "0-1"]
[WhiteElo "1700"]
[BlackElo "2022"]
[PlyCount "85"]
[EventDate "2014.07.04"]

1. c4 e6 2. Nc3 Nf6 3. g3 Nc6 4. Bg2 b6 5. e3 Bb7 6. Nge2 Na5 7. Bxb7 Nxb7 8.
O-O Be7 9. d4 d6 10. b4 O-O 11. Bb2 c5 12. bxc5 dxc5 13. d5 exd5 14. cxd5 Nd6
15. Qc2 Nc4 16. e4 Nxb2 17. Qxb2 Ng4 18. h3 Ne5 19. f4 Nd3 20. Qb5 Nb4 21. a3
Nc2 22. Ra2 a6 23. Qd3 Nd4 24. e5 c4 25. Qxc4 Nxe2+ 26. Nxe2 Rc8 27. Qd3 Bc5+
28. Kg2 b5 29. Rc1 Ba7 30. Rxc8 Qxc8 31. Rc2 Qb7 32. Kf3 Rd8 33. Rd2 h5 34. g4
hxg4+ 35. hxg4 a5 36. f5 b4 37. Qb3 Qb6 38. Nf4 Qg1 39. d6 Qh1+ 40. Rg2 Qf1+
41. Ke4 Rc8 42. Re2 Rc3 43. Qa2 0-1

[Event "International Championship of Central S"]
[Site "Paracin"]
[Date "2014.07.04"]
[Round "1.21"]
[White "Nikolovski, Nikola"]
[Black "Gajic, Bozur"]
[Result "1-0"]
[WhiteElo "2017"]
[BlackElo "1695"]
[PlyCount "61"]
[EventDate "2014.07.04"]

1. e4 c5 2. Nc3 e6 3. f4 a6 4. Nf3 Nc6 5. d3 Qc7 6. g3 b5 7. Bg2 Bb7 8. O-O d6
9. Bd2 Nge7 10. h3 g6 11. Ne2 Bg7 12. c3 O-O 13. g4 f5 14. Ng3 Kh8 15. Qe2 Rae8
16. Ng5 Bc8 17. Rae1 h6 18. Nf3 d5 19. Nh4 Bf6 20. Nf3 Bg7 21. gxf5 gxf5 22.
Nh4 Rg8 23. Qh5 dxe4 24. dxe4 Bf8 25. Qxe8 Qd6 26. Be3 Qd3 27. Kf2 e5 28. exf5
exf4 29. Bxf4 Bd7 30. Qf7 c4 31. Be4 1-0

[Event "International Championship of Central S"]
[Site "Paracin"]
[Date "2014.07.04"]
[Round "1.22"]
[White "Milosavljevic, Radosav"]
[Black "Bozinovic, Boban"]
[Result "0-1"]
[WhiteElo "1692"]
[BlackElo "2011"]
[PlyCount "74"]
[EventDate "2014.07.04"]

1. c4 Nf6 2. Nc3 e5 3. e4 Bc5 4. Na4 Nxe4 5. Nxc5 Nxc5 6. d3 O-O 7. Be2 Nc6 8.
Be3 Ne6 9. Nf3 d5 10. cxd5 Qxd5 11. a3 Ned4 12. Bxd4 Nxd4 13. Nxd4 Qxd4 14. Qc2
Bf5 15. O-O c5 16. Rac1 b6 17. Qb3 Rad8 18. Rfd1 Be6 19. Qc2 Rd6 20. Rd2 Rfd8
21. Qd1 e4 22. Rc3 e3 23. fxe3 Qxe3+ 24. Kh1 Rd4 25. Bf3 Bf5 26. Re2 Qg5 27.
Qe1 h6 28. Re5 Qg6 29. Be2 Bxd3 30. Bh5 Qf6 31. Re8+ Kh7 32. Rxd8 Qxd8 33. Rc1
Be4 34. h3 Qg5 35. Bg4 f5 36. Bf3 Bxf3 37. gxf3 Rd2 0-1

[Event "International Championship of Central S"]
[Site "Paracin"]
[Date "2014.07.04"]
[Round "1.23"]
[White "Manelidis, Savvas"]
[Black "Nesic, Vladan"]
[Result "1-0"]
[WhiteElo "2000"]
[BlackElo "1692"]
[PlyCount "37"]
[EventDate "2014.07.04"]

1. e4 e5 2. d4 exd4 3. Qxd4 Nc6 4. Qe3 Bb4+ 5. Nc3 Nf6 6. Bd2 O-O 7. O-O-O Re8
8. Qg3 Nxe4 9. Nxe4 Rxe4 10. c3 Be7 11. f4 d5 12. Bd3 Ra4 13. Nf3 d4 14. Rhe1
g6 15. f5 Bf6 16. fxg6 fxg6 17. Bxg6 hxg6 18. Qxg6+ Bg7 19. Bh6 1-0

[Event "International Championship of Central S"]
[Site "Paracin"]
[Date "2014.07.04"]
[Round "1.24"]
[White "Milojevic, Milorad"]
[Black "Zivkovic, Zivojin"]
[Result "0-1"]
[WhiteElo "1691"]
[BlackElo "1992"]
[PlyCount "78"]
[EventDate "2014.07.04"]

1. d4 Nf6 2. c4 g6 3. Nc3 Bg7 4. Bf4 O-O 5. e3 d6 6. Be2 Nbd7 7. Nf3 c6 8. a3
Qc7 9. h3 e5 10. Bg3 Re8 11. Rc1 Qa5 12. O-O exd4 13. Nxd4 d5 14. Nb3 Qb6 15.
cxd5 Nxd5 16. Nxd5 cxd5 17. Bc7 Qf6 18. Qxd5 Qxb2 19. Bc4 Qf6 20. Ba5 Ne5 21.
Bb5 Be6 22. Qd1 Rec8 23. Nd4 Bd5 24. f4 Nc6 25. Bc3 Nxd4 26. Bxd4 Qe6 27. Bxg7
Qxe3+ 28. Kh2 Rxc1 29. Qxc1 Qxc1 30. Rxc1 Kxg7 31. Rc5 Be6 32. Rc7 a6 33. Bd3
b5 34. Be4 Rc8 35. Ra7 Rc4 36. Bf3 Rxf4 37. Rxa6 Ra4 38. Rb6 Bc4 39. Bc6 Rxa3
0-1

[Event "International Championship of Central S"]
[Site "Paracin"]
[Date "2014.07.04"]
[Round "1.25"]
[White "Milosevic, Jovana"]
[Black "Rakic, Nikola"]
[Result "1-0"]
[WhiteElo "1990"]
[BlackElo "1676"]
[PlyCount "89"]
[EventDate "2014.07.04"]

1. Nf3 c5 2. c4 g6 3. d4 cxd4 4. Nxd4 Bg7 5. e4 d6 6. Be2 Nf6 7. Nc3 O-O 8. O-O
Qb6 9. Nb3 Nc6 10. Be3 Qd8 11. f3 Bd7 12. Qd2 Rc8 13. Nd4 a6 14. Nc2 Ne8 15.
Nd5 Nc7 16. Bb6 Bxb2 17. Rab1 Bg7 18. Rb3 Be6 19. Nxc7 Rxc7 20. Rfb1 Bc8 21.
Nb4 Nxb4 22. Qxb4 Qd7 23. Bxc7 Qxc7 24. Rd1 Be5 25. Qb6 Qb8 26. g3 d5 27. Kg2
dxe4 28. fxe4 Bc7 29. Qb4 Bd6 30. c5 Be5 31. Bxa6 Bg4 32. Rdb1 Be6 33. Bc4 Qa8
34. Ra3 Qc8 35. Bxe6 Qxe6 36. Qxb7 Kg7 37. Qd5 Qf6 38. Rf1 Qg5 39. Raf3 e6 40.
Qd7 Kh6 41. Rxf7 Rxf7 42. Rxf7 Qc1 43. Rxh7+ Kg5 44. h4+ Kg4 45. Qxe6# 1-0

[Event "International Championship of Central S"]
[Site "Paracin"]
[Date "2014.07.04"]
[Round "1.26"]
[White "Petrovic, Tijana"]
[Black "Ivic, Matija"]
[Result "0-1"]
[WhiteElo "1675"]
[BlackElo "1988"]
[PlyCount "52"]
[EventDate "2014.07.04"]

1. Nf3 c5 2. c4 g6 3. e4 Bg7 4. d4 cxd4 5. Nxd4 Nc6 6. Be3 Nf6 7. Nc3 d6 8. Be2
O-O 9. O-O Bd7 10. f3 Nxd4 11. Bxd4 Bc6 12. Qd2 a5 13. b3 Nd7 14. Be3 Nc5 15.
Rab1 Qb6 16. Nd5 Bxd5 17. cxd5 Rfc8 18. b4 axb4 19. Rxb4 Qa5 20. Rc1 Qxa2 21.
Rc2 Qa1+ 22. Bf1 Qa5 23. Bxc5 dxc5 24. Rxb7 Bd4+ 25. Kh1 Qxd2 26. Rxd2 Ra1 0-1

[Event "International Championship of Central S"]
[Site "Paracin"]
[Date "2014.07.04"]
[Round "1.27"]
[White "Zivkovic, Vladisa"]
[Black "Miljkovic, Jovana"]
[Result "0-1"]
[WhiteElo "1985"]
[BlackElo "1674"]
[PlyCount "54"]
[EventDate "2014.07.04"]

1. e4 c5 2. c3 d5 3. e5 d4 4. Bc4 e6 5. Nf3 a6 6. O-O Nc6 7. d3 Nge7 8. cxd4
cxd4 9. Bg5 Qd7 10. Nbd2 Ng6 11. Re1 h6 12. Bh4 Nxh4 13. Nxh4 Bb4 14. a3 Bxd2
15. Qxd2 O-O 16. f4 b5 17. Ba2 Bb7 18. f5 Ne7 19. f6 Ng6 20. fxg7 Kxg7 21. Qf2
Nxh4 22. Qxh4 Kh7 23. Re2 Qc6 24. Rf1 Rac8 25. Rf6 Qc1+ 26. Re1 Qd2 27. h3
Qxg2# 0-1

[Event "International Championship of Central S"]
[Site "Paracin"]
[Date "2014.07.04"]
[Round "1.28"]
[White "Peycheva, Gergana"]
[Black "Injac, Teodora"]
[Result "0-1"]
[WhiteElo "1672"]
[BlackElo "1984"]
[PlyCount "70"]
[EventDate "2014.07.04"]

1. e4 e6 2. d4 d5 3. Nd2 c5 4. exd5 exd5 5. Ngf3 Nc6 6. Bb5 Qe7+ 7. Qe2 Qxe2+
8. Kxe2 a6 9. Bxc6+ bxc6 10. c3 f6 11. dxc5 Bxc5 12. Nb3 Bd6 13. Be3 Rb8 14.
Rhe1 Kf7 15. Kf1 Ne7 16. Rad1 Bg4 17. h3 Bxf3 18. gxf3 Rhc8 19. Bc1 g5 20. Re2
Ng6 21. Nd4 Be5 22. Nf5 Rc7 23. Rde1 c5 24. Nh6+ Kg7 25. Nf5+ Kf7 26. Nh6+ Kf8
27. Nf5 d4 28. cxd4 cxd4 29. b3 d3 30. Re4 Rc2 31. Rd1 Kf7 32. Ne3 Rxa2 33.
Rxd3 Ra1 34. Rc4 Rb1 35. Rc6 Nf4 {unreadable} 0-1

[Event "International Championship of Central S"]
[Site "Paracin"]
[Date "2014.07.04"]
[Round "1.29"]
[White "Aleksic, Neven"]
[Black "Blagojevic, Nikola"]
[Result "1/2-1/2"]
[WhiteElo "1981"]
[BlackElo "1671"]
[PlyCount "91"]
[EventDate "2014.07.04"]

1. d4 d5 2. c4 c6 3. Nc3 Nf6 4. Nf3 e6 5. e3 Be7 6. Bd3 O-O 7. O-O dxc4 8. Bxc4
b5 9. Bd3 Bb7 10. Ne4 Nxe4 11. Bxe4 Nd7 12. Bd2 Nf6 13. Bd3 a6 14. b4 Nd5 15.
Qb3 Bf6 16. Rac1 Nb6 17. Rfd1 Qd5 18. Qb1 g6 19. e4 Qd7 20. Be3 Nc8 21. Ne5
Bxe5 22. dxe5 Qc7 23. Bc5 Rd8 24. Be2 Rxd1+ 25. Rxd1 Nb6 26. Qd3 Na4 27. Bd6
Qb6 28. Rc1 Rc8 29. Qh3 c5 30. bxc5 Nxc5 31. Qh6 Nd7 32. h4 Qd8 33. Rxc8 Bxc8
34. h5 Nb6 35. Qe3 Bb7 36. hxg6 hxg6 37. f4 Nc4 38. Bxc4 bxc4 39. Qd4 Qc8 40.
Bb4 Ba8 41. g4 Bb7 42. Kf2 Kh7 43. Kg3 Qc6 44. Kf3 Qb5 45. Qc5 Qxc5 46. Bxc5
1/2-1/2

[Event "International Championship of Central S"]
[Site "Paracin"]
[Date "2014.07.04"]
[Round "1.30"]
[White "Petrovic, Tamara"]
[Black "Nikolic, Vladimir"]
[Result "1/2-1/2"]
[WhiteElo "1668"]
[BlackElo "1980"]
[PlyCount "48"]
[EventDate "2014.07.04"]

1. Nf3 d5 2. d4 Bf5 3. c4 Bxb1 4. Rxb1 c6 5. Qb3 Qb6 6. Qxb6 axb6 7. cxd5 Rxa2
8. dxc6 bxc6 9. e4 e6 10. Bc4 Bb4+ 11. Bd2 Bxd2+ 12. Nxd2 Ra7 13. Ke2 b5 14.
Bd3 Ra4 15. Ke3 Ne7 16. Ra1 Ra6 17. Nb3 O-O 18. Nc5 Rxa1 19. Rxa1 Nc8 20. b3
Re8 21. e5 Nb6 22. Be4 f6 23. f4 Re7 24. Nd3 Kf7 1/2-1/2